000 00901nam a22002657a 4500
999 _c323923
_d323923
001 37749
003 UA-OsUOA
005 20191119170057.0
007 ta
008 20060405b un ||||| |||| 00| 0 ukr d
020 _a9665180770
040 _aUA-OsUOA
_bukr
_cUA-OsUOA
_dUA-OsUOA
041 _aukr
080 _a94(477).04
090 _a94(477).04
_bЩ61
100 _aЩербак В. О.
245 _aУкраїнське козацтво: формування соціального стану. Друга половина XV – середина XVII ст.
_bмонографія
260 _aК.
_bКМА
_c2000
300 _a300 с.
650 7 _a9 Географія. Біографії. Історія
_2UDC
856 4 0 _uhttp://litpro2.oa.edu.ua/Books/Preview/6835
942 _cBK
_2udc
955 _a2